LEADER 01233nam a2200253 u 4500 001 000000017591 003 CaOOAMICUS 005 20070226110125.0 008 941010s1971 it u000 u ita u 035 $a10410738 040 $aPUL$bita 111 2 $aCongresso catechistico internazionale$n(2 :$d1971$cRoma).$0(OLS)http://pul/name/15816 245 10$aAtti del II congresso catechistico internazionale. :$bRoma, 20-25 settembre 1971. 260 $aRoma :$bStudium,$c[1972] 300 $a579, [1] p. :$btav. ;$c24 cm 500 $aIn testa al front.: Sacra congregazione per il clero. 650 4$aCatechismo.$0(OLS)http://pul/subject/1485 710 2 $aCongregatio pro Clericis.$0(OLS)http://pul/name/15817 850 $aPUL 852 $aPUL$W1$xDP1 Fondo Pastorale$y55$mP11 C 47$j24790$nBK-PRI$b $qFondi$B24790$CPULBib$Z2$F24790 $HPUL63346 $81 852 $aPUL$W1$xDP1 Fondo Pastorale$y55$mP13 C 26$j24791$nBK-PRI$b $qFondi$B24791$CPULBib$Z2$F24791 $H $81 941 1 $a1 996 $6245$aAtti del II congresso catechistico internazionale. :$bRoma, 20-25 settembre 1971$9(OLS)http://pul/title/25182 996 $6260$aRoma :$bStudium$9(OLS)http://pul/publisher/47892 LEADER 01482nam a2200301 u 4500 001 000000034464 003 CaOOAMICUS 005 20070226112457.0 008 971216s1934 fr u000 u fre u 035 $a10779063 040 $aIPA$bita$dPUL(R) 100 1 $aMura, Ernest.$0(OLS)http://pul/name/26531 245 13$aLe corps mystique du Christ :$bsa nature et sa vie divine d'après S. Paul et la théologie : synthèse de théologie dogmatique, ascétique et mystique /$cErnest Mura ; préface du R.P. Garrigou-Lagrange. 260 $aParis :$bA. Blot,$c1934. 300 $a2 v. ;$c20 cm 504 $aContiene indicazioni bibliografiche in nota. 600 04$aIesus Christus.$0(OLS)http://pul/subject/207 650 4$aCorpo mistico.$0(OLS)http://pul/subject/710 700 1 $aGarrigou-Lagrange, Reginald,$cO.P.,$d1877-1964.$0(OLS)http://pul/name/6342 850 $aPUL 852 $aPUL$W1$xDP2 Religione 1$y63$m62 F 25$j145361$nBK-PRI$qStampati$B47208$CPULBib$Z2$F47208 $82 852 $aPUL$W1$xDP2 Religione 1$y63$m62 F 26$j145362$nBK-PRI$qStampati$B47209$CPULBib$Z2$F47209 $82 941 1 $a8 960 $aCristologia$9207 960 $aCristologia$9207 960 $aGesù Cristo$9207 996 $6245$aLe corps mystique du Christ :$bsa nature et sa vie divine d'après S. Paul et la théologie : synthèse de théologie dogmatique, ascétique et mystique$9(OLS)http://pul/title/47430 996 $6260$aParis :$bA. Blot$9(OLS)http://pul/publisher/61953 LEADER 01439nam a2200313 u 4500 001 000000083766 003 CaOOAMICUS 005 20070226124015.0 008 050526s1930 gw u000 u lat u 035 $a11047184 040 $aPUL(R)$bita 041 0 $alat$ager 100 0 $aAugustinus,$cs., vesc. d'Ippona,$d354-430.$0(OLS)http://pul/name/1290 240 10$aEnchiridion ad Laurentium$9(Augustinus, s., vesc. d'Ippona, 354-430).$0(OLS)http://pul/title/19842 245 10$aAugustins Enchiridion /$chrsg. von Otto Scheel. 250 $a2. Aufl. 260 $aTübingen :$bJ.C.B. Mohr,$c1930. 300 $avi, 98 p. ;$c22 cm 490 1 $aSammlung ausgewählter kirchen- und dogmengeschichtlicher Quellenschriften.$aReihe 2 ;$vHft. 4 500 $aComprende indici. 700 1 $aScheel, Otto,$d1876-1954.$0(OLS)http://pul/name/12907 830 0$aSammlung ausgewählter kirchen- und dogmengeschichtlicher Quellenschriften.$nReihe 2 ;$vHft. 4.$0(OLS)http://pul/title/19841 850 $aPUL 852 $aPUL$W1$xDP1 Fondo Cecchetti$y53$m267 D 49$j106596$nBK-PRI$b $qFondi$B106596$CPULBib$Z2$F106596 $HPUL1883 $81 900 $aAgostino,$cs., vesc. d'Ippona,$d354-430$91290 900 $aAgostino, Aurelio,$cs., vesc. d'Ippona$d354-430$91290 941 1 $a1 996 $6245$aAugustins Enchiridion$9(OLS)http://pul/title/19840 996 $6260$aTübingen :$bJ.C.B. Mohr$9(OLS)http://pul/publisher/47972